| 000 | 00438nam a22001697a 4500 | ||
|---|---|---|---|
| 003 | CEME | ||
| 005 | 20210628202505.0 | ||
| 008 | 210121b xxu||||| |||| 00| 0 eng d | ||
| 040 | _cceme | ||
| 082 | _a658.314 COO | ||
| 100 |
_aCook , Marshall .J _960126 |
||
| 245 | _a10 minute guide to motivating people | ||
| 260 |
_aDELHI _bMACMILLAN _c1999 |
||
| 300 | _aX,134P | ||
| 650 |
_aMOTIVATION.MOTIVATING PEOPLE _960127 |
||
| 942 |
_cBK _2ddc |
||
| 999 |
_c569937 _d569937 |
||